| 000 | 004830000a22002050004500 | ||
|---|---|---|---|
| 650 | _aDemocracy | ||
| 650 | _aMonarchy | ||
| 651 | _aNepal | ||
| 082 |
_aN321.87 _bBh451n _cD |
||
| 518 | _a190898 | ||
| 530 | _aDis | ||
| 100 | _aBhatta, Janak Raj | ||
| 245 | _aNepalko sambaidhanik rajtantra | ||
| 260 | _aKathmandu, Nepal | ||
| 502 |
_aDissertation _bDegree in Political Science, Tribhuvan University |
||
| 260 | _cN.d. | ||
| 041 | _aNep | ||
| 300 | _a109p. | ||
| 942 | _cGEN | ||
| 999 |
_c15802 _d15802 |
||